Ahkam ul Quran (Record no. 529915)

000 -LEADER
fixed length control field 00207nam a22000977a 4500
040 ## - CATALOGING SOURCE
Transcribing agency DLC
082 ## - DEWEY DECIMAL CLASSIFICATION NUMBER
Classification number 297.122
Author Mark NAZ
100 ## - MAIN ENTRY--PERSONAL NAME
Personal name Ahmad, Chaudhry Nazeer
9 (RLIN) 22938
245 ## - TITLE STATEMENT
Title Ahkam ul Quran
942 ## - ADDED ENTRY ELEMENTS (KOHA)
Source of classification or shelving scheme
Koha item type Book
Holdings
Withdrawn status Lost status Source of classification or shelving scheme Damaged status Not for loan Permanent Location Current Location Date acquired Total Checkouts Total Renewals Full call number Barcode Checked out Date last seen Date last checked out Price effective from Koha item type
          School of Civil and Environmental Engineering (SCEE) School of Civil and Environmental Engineering (SCEE) 10/07/2019 1 1 297.122 NAZ NIT-10068 12/21/2021 10/07/2019 10/07/2019 10/07/2019 Book
© 2023 Central Library, National University of Sciences and Technology. All Rights Reserved.